header

Measuring customer satisfaction (Record no. 68031)

MARC details
000 -LEADER
fixed length control field 01159nam a2200313 a 4500
082 04 - DEWEY DECIMAL CLASSIFICATION NUMBER
Classification number 658.8/12
100 1# - MAIN ENTRY--AUTHOR NAME
Personal name Gerson, Richard F.
245 10 - TITLE STATEMENT
Title Measuring customer satisfaction
260 ## - PUBLICATION, DISTRIBUTION, ETC. (IMPRINT)
Place of publication Menlo Park, Calif. :
Name of publisher Crisp Publications,
Year of publication c1993.
300 ## - PHYSICAL DESCRIPTION
Number of Pages ix, 112 p. :
Other physical details ill.
490 1# - SERIES STATEMENT
Series statement Fifty-Minute series
650 #0 - SUBJECT ADDED ENTRY--TOPICAL TERM
Topical Term Consumer satisfaction.
Topical Term Customer services
856 40 - ELECTRONIC LOCATION AND ACCESS
Uniform Resource Identifier http://site.ebrary.com/lib/rucke/Doc?id=10058026

No items available.

© 2026 Rongo University
Contact us: librarian | system librarian | Rongo university